000 00573nam a2200205Ia 4500
005 20250611164958.0
008 008 250516s9999 xx 000 0 eng d
020 _a9781032821986
040 _beng
_cSDCL
041 _aeng
_2eng
084 _aX:72 R4
100 _aVasudevan, A.
245 0 _aMacroeconomic policies for emerging and developing economies
250 _a2nd ed.
260 _aLondon :
_bRoutledge,
_c2024.
300 _axxviii, 168p.
650 _aBusiness Economics and Finance
_9812661
700 _aRay, Partha
_9410090
942 _cTEXL
_2CC
999 _c1429823
_d1429823